| 000 | 00880nam a22002537a 4500 | ||
|---|---|---|---|
| 005 | 20090912161341.0 | ||
| 008 | 090912t xxu||||| |||| 00| 0 eng d | ||
| 010 | _aB-358114 | ||
| 020 | _c200.00 | ||
| 035 | _aB-358114 | ||
| 037 | _bDBAD / PUB | ||
| 040 |
_adpl _bEnglish |
||
| 082 | _aN | ||
| 100 | _aHughes, Thomas | ||
| 245 |
_aTom Brown's school days / _cby Thomas Hughes; edited & compiled by Reema Prashar |
||
| 260 |
_aDelhi _bNavyug Sahitya _c2007 |
||
| 270 |
_aF-23B, Vijay Nagar _bDelhi _e110009 |
||
| 300 |
_a224p.: _bill. _c23cm(Hb) |
||
| 490 | _aSliver bell children classics | ||
| 650 |
_aChildren's stories, English _vFiction |
||
| 700 | _aPrashar, Reema | ||
| 942 |
_2ddc _cCH _hN _mHUG |
||
| 999 |
_c30361 _d30361 |
||